'Triple-A' Battery Quiz Stats

Quiz Updated Dec 23, 2012

Challenge
Share
Tweet
Embed
Score 0/28 Timer 07:00
0 Plays Today
Clue Answer % Correct
At least some people in this state
can see Russia from their house.
Alaska
80.7%
Home of the Crimson Tide.Alabama
78.1%
Say the magic word!Abracadabra
77.9%
San Francisco island prison also known as 'The Rock'.Alcatraz
77.8%
A fleet of warships, from the Spanish word for 'armed'.Armada
75%
Llama-like animal known for its soft, light, durable wool.Alpaca
74%
The 'Old Farmer's' version of this has been
published annually since 1793.
Almanac
69.3%
2010 Oscar Best Picture nomineeAvatar
66.3%
First name of actresses
Plummer, Bynes & Seyfried.
Amanda
65.6%
Cattle feed or Little Rascal.Alfalfa
58.7%
Headquarters to CNN and Coca-Cola.Atlanta
58.1%
... and the species that might have hoped
Noah's passengers disembarked alphabetically.
Aardvark
55%
Patriarchal figure to Judaism, Christianity and Islam.Abraham
52.9%
Bill Clinton or any Little Rocker (ok, technically
Little Rockian, but isn't Little Rocker more fun?)
Arkansan
51.8%
Clue Answer % Correct
Relationship of 'ERIC CLAPTON' to 'NARCOLEPTIC'
or 'GERALDINE' to 'REALIGNED'.
Anagram
48%
Palestinian leader who shared a Nobel Peace Prize with Rabin & Peres.Arafat
42.4%
Hercule's creator, the first name in mystery novels.Agatha
38.6%
Where you'll find the Çankaya Köşkü
- the residence of the President of Turkey.
Ankara
37.9%
American stove and fridge maker,
known for the 'Radar Range' microwave.
Amana
29.4%
Final destination of Noah's Ark...Ararat
28.5%
As one word, refusing to budge.
As two words, he sang 'Goody Two Shoes'.
Adamant
25%
Commander of Battlestar Galactica, in either series.Adama
24.6%
Historic 14th century Moorish palace near Granada in Spain, now a World Heritage site.Alhambra
19.9%
Any alloy of mercury with another metal.
Often used in dentistry.
Amalgam
17.9%
First name of Canadian singer who hit #1 internationally
with 'Black Velvet'
Alannah
10.4%
Gnostic holy word,
also the Santana album with 'Black Magic Woman'
& the name of Draco Malfoy's grandfather.
Abraxas
10.2%
Occult or alchemic knowledge.Arcana
5.5%
In Alberta, Canada, this name is shared
by a town, a lake, a river and a mountain.
Athabasca
4.5%

You're not logged in!

Compare scores with friends on all Sporcle quizzes.
Sign Up with Email
OR
Log In

You Might Also Like...

Show Comments

Extras

Top Quizzes Today


Score Distribution

Your Account Isn't Verified!

In order to create a playlist on Sporcle, you need to verify the email address you used during registration. Go to your Sporcle Settings to finish the process.